El Frente Nacional y los partidos politicos : analisis e interpretacion de una politica /

Bibliographic Details
Main Author: Cardenas Garcia, Jorge
Format: Book
Language:Spanish
Published: Tunja : Impr. Deptal, 1958
Subjects:

MARC

Tag First Indicator Second Indicator Subfields
LEADER 00000cam a2200000 a 4500
001 in00000545921
005 20151014052126.0
008 750912s1959 ck 00010 spam
010 |a  61034342  
035 |a (OCoLC)01620411 
035 |9 ACJ7650AM 
040 |a DLC  |c FUG  |d TXA  |d UtOrBLW 
043 |a s-ck--- 
049 |a TXAM  |c [A08968487] 
050 0 0 |a F2278  |b .C33 
090 |a F2278  |b .C33 1959 
092 |a 329.9861  |b C266f 
100 1 |a Cardenas Garcia, Jorge. 
245 1 3 |a El Frente Nacional y los partidos politicos :  |b analisis e interpretacion de una politica /  |c Jorge Cardenas Garcia. 
264 1 |a Tunja :  |b Impr. Deptal,  |c 1958 
264 3 |c 1959 printing 
300 |a 122 pages ;  |c 17cm. 
336 |a text  |b txt  |2 rdacontent 
337 |a unmediated  |b n  |2 rdamedia 
338 |a volume  |b nc  |2 rdacarrier 
500 |a "Texto de la reforma constitucional realizada por el plebiscito del 1 de diciembre de 1957": pages 117-[123]. 
610 2 0 |a Partido Conservador (Colombia) 
610 2 0 |a Partido Liberal (Colombia) 
651 0 |a Colombia  |x Politics and government  |y 1946- 
999 |a MARS 
999 f f |s e6fb8608-c4cd-304a-9aac-2b728acfef81  |i 54a6e742-f8e0-31fd-ae23-964d1f8d57f1  |t 0 
952 f f |p ric  |a Texas A&M University  |b Rellis Campus  |c Joint Library Facility  |d Remote Storage  |t 0  |e F2278 .C33 1959  |h Library of Congress classification  |i unmediated -- volume  |m A14808968487 
998 f f |a F2278 .C33 1959  |t 0  |l Remote Storage